Interwencjonizm panstwa w procesie zmian strukturalnych. Polityka przemyslowa.
Definícia priemyselnej politiky. Syntéza predpokladov štátneho intervencionizmu v oblasti priemyslu. Formy a charakter priemyselnej politiky. Strategické plánovanie. Vybrané nástroje priemyselnej politiky v krajinách EHS v 80. rokoch. Závery zhrnuté do ôsmich bodov. - Z prác Ústavu pre rozvoj a stra...
Gespeichert in:
| 1. Verfasser: | |
|---|---|
| Format: | Buchkapitel |
| Sprache: | Polnisch |
| Schlagworte: | |
| Tags: |
Keine Tags, Fügen Sie das erste Tag hinzu!
|
MARC
| LEADER | 00000naa a2200000 4500 | ||
|---|---|---|---|
| 001 | r009090 | ||
| 005 | 20221125122842.6 | ||
| 041 | 0 | |a pol | |
| 044 | |a PL | ||
| 245 | 1 | 0 | |a Interwencjonizm panstwa w procesie zmian strukturalnych. Polityka przemyslowa. |c J. Kotowicz |
| 520 | |a Definícia priemyselnej politiky. Syntéza predpokladov štátneho intervencionizmu v oblasti priemyslu. Formy a charakter priemyselnej politiky. Strategické plánovanie. Vybrané nástroje priemyselnej politiky v krajinách EHS v 80. rokoch. Závery zhrnuté do ôsmich bodov. - Z prác Ústavu pre rozvoj a strategické štúdie. | ||
| 610 | 2 | 0 | |a intervencionizmus štátny |
| 610 | 2 | 0 | |a zmeny štruktúrne |
| 610 | 2 | 0 | |a politika priemyselná |
| 610 | 2 | 0 | |a priemysel |
| 610 | 2 | 0 | |a plánovanie strategické |
| 100 | 1 | |a Kotowicz, J. | |